The pursuit of happiness (Record no. 9810)
[ view plain ]
| 000 -LEADER | |
|---|---|
| fixed length control field | 00884njm a2200313 a 4500 |
| 001 - CONTROL NUMBER | |
| control field | 5722836 |
| 005 - DATE AND TIME OF LATEST TRANSACTION | |
| control field | 20260513045443.0 |
| 007 - PHYSICAL DESCRIPTION FIXED FIELD--GENERAL INFORMATION | |
| fixed length control field | sdubumennmpluu |
| 008 - FIXED-LENGTH DATA ELEMENTS--GENERAL INFORMATION | |
| fixed length control field | 870928s1987 caurcn d eng d |
| 010 ## - LIBRARY OF CONGRESS CONTROL NUMBER | |
| LC control number | 94764319 |
| 028 02 - PUBLISHER NUMBER | |
| Publisher number | MCA-5993 |
| Source | MCA/Curb Records |
| 033 ## - DATE/TIME AND PLACE OF AN EVENT | |
| Geographic classification area code | 4364 |
| Geographic classification subarea code | M26 |
| 033 ## - DATE/TIME AND PLACE OF AN EVENT | |
| Geographic classification area code | 4364 |
| Geographic classification subarea code | L8 |
| 035 ## - SYSTEM CONTROL NUMBER | |
| System control number | 5722836 |
| 035 ## - SYSTEM CONTROL NUMBER | |
| System control number | (OCoLC)16769914 |
| 040 ## - CATALOGING SOURCE | |
| Transcribing agency | IRDP |
| 042 ## - AUTHENTICATION CODE | |
| Authentication code | lccopycat |
| 050 00 - LIBRARY OF CONGRESS CALL NUMBER | |
| Classification number | MCA/Curb Records MCA-5993 |
| 082 ## - DEWEY DECIMAL CLASSIFICATION NUMBER | |
| Edition number | 320.973 MOO |
| 110 2# - MAIN ENTRY--CORPORATE NAME | |
| Corporate name or jurisdiction name as entry element | Beat Farmers (Musical group) |
| Relator code | prf |
| 245 14 - TITLE STATEMENT | |
| Title | The pursuit of happiness |
| Medium | [sound recording] / |
| Statement of responsibility, etc. | Beat Farmers. |
| 260 ## - PUBLICATION, DISTRIBUTION, ETC. (IMPRINT) | |
| Place of publication, distribution, etc. | NEW YORK |
| Name of publisher, distributor, etc. | MACMILLAN PUBLISHING CO.,INC. |
| Date of publication, distribution, etc. | 1978 |
| 300 ## - PHYSICAL DESCRIPTION | |
| Extent | 356 p. |
| Dimensions | 21 |
| 306 ## - PLAYING TIME | |
| Playing time | 003900 |
| 906 ## - LOCAL DATA ELEMENT F, LDF (RLIN) | |
| a | 7 |
| b | cbc |
| c | copycat |
| d | 3 |
| e | ncip |
| f | 19 |
| g | y-genmusic |
| 942 ## - ADDED ENTRY ELEMENTS (KOHA) | |
| Source of classification or shelving scheme | Dewey Decimal Classification |
| Koha item type | BOOKS |
| Withdrawn status | Lost status | Source of classification or shelving scheme | Damaged status | Not for loan | Home library | Current library | Shelving location | Date acquired | Total Checkouts | Full call number | Barcode | Date last seen | Price effective from | Koha item type |
|---|---|---|---|---|---|---|---|---|---|---|---|---|---|---|
| Dewey Decimal Classification | Dodoma | Dodoma | Ground Floor | 13/05/2026 | 320.973 MOO | LIB002535 | 13/05/2026 | 13/05/2026 | BOOKS |
